二画の漢字 (常用漢字外含む) - Statistics

General Stats
  • This quiz has been taken 42 times
  • The average score is 9 of 16
Answer Stats
ヒント 答え % Correct
1年生
100%
1年生
100%
1年生
92%
1年生
86%
1年生
86%
1年生
81%
1年生
73%
1年生
62%
2年生
59%
3年生
51%
中学
43%
中学
30%
常用漢字外
16%
常用漢字外
14%
常用漢字外
5%
常用漢字外
5%
No matching quizzes found
Score Distribution
Percent of People with Each Score
Percentile by Number Answered
Your Score History
You have not taken this quiz